00370pab a2200133 454500008004000000100001700040245006400057260000900121300001000130362001000140650002800150700002700178773003100205180718b1989 xxu||||| |||| 00| 0 eng d aNarayana, G. aGovernment and voluntary agencies a review of relationships c1989 a62-71 aSept. aSocial Service Agencies aCh. V.S. Sita Rama Rao aASCI Journal of Management